[Event "Speed Chess Super Swiss"]
[Site "Chess.com INT"]
[Date "2021.10.16"]
[Round "8"]
[White "Korobkin, Maxim"]
[Black "Sliwicki, Damian"]
[Result "1-0"]
[WhiteElo "2293"]
[BlackElo "2168"]
[PlyCount "89"]
[EventDate "2021.10.16"]
[EventType "swiss (blitz)"]
[EventRounds "15"]
[EventCountry "USA"]
[SourceTitle "CBM 204 Extra"]
[Source "ChessBase"]
[SourceDate "2021.11.30"]
[SourceVersion "1"]
[SourceVersionDate "2021.11.30"]
[SourceQuality "1"]

1. d4 Nf6 2. c4 e6 3. Nc3 d5 4. cxd5 exd5 5. Bg5 Nbd7 6. Qc2 Bb4 7. e3 c5 8. a3 Qa5 9. Rc1 Bxc3+ 10. Qxc3 Qxc3+ 11. bxc3 c4 12. f3 0-0 13. Kf2 a5 14. Ne2 b5 15. Rb1 b4 16. axb4 axb4 17. Rxb4 Ra2 18. g4 Re8 19. h4 h6 20. Bf4 Nh7 21. Bg2 Ndf6 22. Rhb1 g5 23. hxg5 hxg5 24. Bg3 Bxg4 25. R1b2 Rxb2 26. Rxb2 Bf5 27. Be5 Bd3 28. Ng3 g4 29. f4 Ne4+ 30. Nxe4 Bxe4 31. Bxe4 dxe4 32. d5 Nf8 33. d6 Rd8 34. Rb7 Nd7 35. Bd4 f6 36. Kg3 Kf7 37. Kxg4 Ke6 38. Bb6 Rg8+ 39. Kh3 Kxd6 40. Bd4 f5 41. Ra7 Ke6 42. Ra6+ Ke7 43. Kh2 Rg4 44. Rh6 Rh4+ 45. Rxh4 1-0

[Event "Novosibirsk Sukharev Memorial op"]
[Site "Novosibirsk"]
[Date "2010.07.22"]
[Round "6"]
[White "Polyakevich, Stanislav Georgievi"]
[Black "Korobkin, Maxim"]
[Result "1-0"]
[WhiteElo "2323"]
[BlackElo "2315"]
[PlyCount "109"]
[EventDate "2010.07.18"]
[EventType "swiss"]
[EventRounds "9"]
[EventCountry "RUS"]
[SourceTitle "EXT 2011"]
[Source "ChessBase"]
[SourceDate "2010.11.26"]
[SourceVersion "1"]
[SourceVersionDate "2010.11.26"]
[SourceQuality "1"]

1. d4 Nf6 2. Nf3 e6 3. g3 c5 4. Bg2 cxd4 5. Nxd4 a6 6. 0-0 Qc7 7. b3 Nc6 8. c4 Be7 9. Bb2 d6 10. Nc3 Bd7 11. Rc1 Ne5 12. h3 Ng6 13. e4 Rc8 14. Kh2 Qb8 15. a4 h5 16. Kg1 h4 17. g4 Nf4 18. Qf3 Nxg2 19. Kxg2 Nh7 20. Qd3 Nf8 21. f4 Ng6 22. f5 Ne5 23. Qd2 Qc7 24. Rcd1 Qb6 25. Rfe1 Kd8 26. Ba3 Ke8 27. Nce2 Rd8 28. Bb4 Qc7 29. Ba5 b6 30. Bc3 Qb7 31. Nf4 Bg5 32. Qf2 Rf8 33. Re2 g6 34. Kg1 Be7 35. Rf1 Rc8 36. Nf3 gxf5 37. Nxe5 dxe5 38. Bxe5 Bc5 39. Bd4 fxg4 40. Bxc5 Rxc5 41. Ng6 Rg5 42. Nxf8 gxh3+ 43. Kh1 Rf5 44. Qe1 Rxf1+ 45. Qxf1 Kxf8 46. Qxh3 Qc7 47. Qxh4 Qe5 48. Qd8+ Be8 49. Kg2 Qh5 50. Qd6+ Kg8 51. Kf2 e5 52. Ke1 Qf3 53. Qxe5 Bc6 54. Qg5+ Kf8 55. Qe3 1-0

[Event "Novosibirsk Region-ch final"]
[Site "Novosibirsk"]
[Date "2008.12.06"]
[Round "2"]
[White "Sharkov, Maxim"]
[Black "Korobkin, Maxim"]
[Result "1/2-1/2"]
[WhiteElo "2098"]
[BlackElo "2333"]
[PlyCount "28"]
[EventDate "2008.12.05"]
[EventType "swiss"]
[EventRounds "9"]
[EventCountry "RUS"]
[SourceTitle "EXT 2010"]
[Source "ChessBase"]
[SourceDate "2010.11.25"]
[SourceVersion "1"]
[SourceVersionDate "2010.11.25"]
[SourceQuality "1"]

1. e4 c5 2. Nf3 e6 3. d4 cxd4 4. Nxd4 a6 5. Nc3 Qc7 6. Bd3 Nf6 7. 0-0 b5 8. a3 Bb7 9. Qe2 d6 10. f4 Nbd7 11. f5 e5 12. Nb3 h6 13. Qf3 Rc8 14. Be3 Be7 1/2-1/2

[Event "Sibiria Region-chT"]
[Site "Berdsk"]
[Date "2008.12.02"]
[Round "6"]
[White "Korobkin, Maxim"]
[Black "Gontcharov, Vladislav"]
[Result "1/2-1/2"]
[WhiteElo "2333"]
[BlackElo "2425"]
[PlyCount "72"]
[EventDate "2008.11.28"]
[EventType "team-swiss"]
[EventRounds "7"]
[EventCountry "RUS"]
[SourceTitle "EXT 2010"]
[Source "ChessBase"]
[SourceDate "2010.11.25"]
[SourceVersion "1"]
[SourceVersionDate "2010.11.25"]
[SourceQuality "1"]

1. d4 c5 2. d5 Nf6 3. Nc3 d6 4. e4 g6 5. Bb5+ Nbd7 6. a4 Bg7 7. Nf3 0-0 8. h3 Ne8 9. 0-0 Nc7 10. Be2 a6 11. a5 Nb5 12. Nb1 Nd4 13. Nbd2 Nxe2+ 14. Qxe2 b5 15. axb6 Nxb6 16. Nc4 Nxc4 17. Qxc4 Rb8 18. c3 Rb6 19. Qe2 Qc7 20. Rd1 Bd7 21. Qe3 e6 22. Qf4 h6 23. Qh4 Qd8 24. dxe6 Bxe6 25. Qg3 Bb3 26. Re1 Re8 27. Nd2 Be6 28. Qd3 Qc8 29. Nf1 Kh7 30. Ne3 f5 31. exf5 Bxf5 32. Qd1 Be6 33. Qa4 Qd7 34. Nd5 Bxd5 35. Qxd7 Rxe1+ 36. Kh2 Rb7 1/2-1/2

[Event "Sibiria Region-chT"]
[Site "Berdsk"]
[Date "2008.12.01"]
[Round "5"]
[White "Shoev, Kirill"]
[Black "Korobkin, Maxim"]
[Result "1-0"]
[WhiteElo "2206"]
[BlackElo "2333"]
[PlyCount "85"]
[EventDate "2008.11.28"]
[EventType "team-swiss"]
[EventRounds "7"]
[EventCountry "RUS"]
[SourceTitle "EXT 2010"]
[Source "ChessBase"]
[SourceDate "2010.11.25"]
[SourceVersion "1"]
[SourceVersionDate "2010.11.25"]
[SourceQuality "1"]

1. d4 Nf6 2. Nf3 e6 3. Bg5 c5 4. e3 Be7 5. Nbd2 cxd4 6. exd4 b6 7. Bd3 Bb7 8. 0-0 d6 9. Qe2 Nbd7 10. c3 0-0 11. a4 a6 12. Rfe1 Re8 13. Bc4 Qc7 14. h3 Bf8 15. Bf4 Qc6 16. Qf1 Qc8 17. Bb3 Bc6 18. Ng5 Qb7 19. f3 b5 20. axb5 axb5 21. Rxa8 Rxa8 22. Nxf7 Kxf7 23. Bxe6+ Ke7 24. d5 Kd8 25. dxc6 Qxc6 26. Nb3 d5 27. Nd4 Bc5 28. Qd3 Bxd4+ 29. cxd4 Qc4 30. Qe3 Ra7 31. Bf5 Qb4 32. Qe6 Ra6 33. Qxa6 Qxe1+ 34. Kh2 Qb4 35. Bd6 Qc4 36. Qa8+ Qc8 37. Be7+ Kc7 38. Qxc8+ Kxc8 39. Bxf6 gxf6 40. Kg3 Kd8 41. Bxd7 Kxd7 42. Kf4 Ke6 43. g4 1-0

[Event "Sibiria Region-chT"]
[Site "Berdsk"]
[Date "2008.11.30"]
[Round "4"]
[White "Korobkin, Maxim"]
[Black "Cheremnova, Tamara"]
[Result "1-0"]
[WhiteElo "2333"]
[BlackElo "2163"]
[PlyCount "85"]
[EventDate "2008.11.28"]
[EventType "team-swiss"]
[EventRounds "7"]
[EventCountry "RUS"]
[SourceTitle "EXT 2010"]
[Source "ChessBase"]
[SourceDate "2010.11.25"]
[SourceVersion "1"]
[SourceVersionDate "2010.11.25"]
[SourceQuality "1"]

1. d4 Nf6 2. Nf3 g6 3. c4 Bg7 4. Nc3 0-0 5. e4 d6 6. Be2 e5 7. Be3 Ng4 8. Bg5 f6 9. Bh4 g5 10. Bg3 Nh6 11. d5 f5 12. exf5 Nxf5 13. Nd2 Nd7 14. Nde4 h6 15. Bd3 Nf6 16. 0-0 Nd4 17. Nxf6+ Qxf6 18. f3 h5 19. Bf2 c5 20. Qd2 Qe7 21. Be3 g4 22. Bg5 Qc7 23. fxg4 Bxg4 24. Ne4 Bf5 25. Ng3 Qd7 26. Nxf5 Nxf5 27. Qe2 e4 28. Bxe4 Rae8 29. Rae1 Bd4+ 30. Kh1 Qg7 31. Bc1 h4 32. Rf4 Nh6 33. Qh5 Rxf4 34. Qxe8+ Rf8 35. Qe6+ Nf7 36. Bf3 Qf6 37. Qg4+ Qg7 38. Qxh4 Ne5 39. Bh6 Nxf3 40. gxf3 Qh7 41. Qg5+ Bg7 42. Rg1 Rf7 43. Qd8+ 1-0

[Event "Berdsk Maestro op 14th"]
[Site "Berdsk"]
[Date "2008.07.12"]
[Round "5"]
[White "Pakhomov, Egor"]
[Black "Korobkin, Maxim"]
[Result "1/2-1/2"]
[WhiteElo "2184"]
[BlackElo "2363"]
[PlyCount "20"]
[EventDate "2008.07.08"]
[EventType "swiss"]
[EventRounds "9"]
[EventCountry "RUS"]
[SourceTitle "CBM 125 Extra"]
[Source "ChessBase"]
[SourceDate "2008.09.01"]
[SourceVersion "1"]
[SourceVersionDate "2008.09.01"]
[SourceQuality "1"]

1. d4 Nf6 2. Nf3 e6 3. e3 c6 4. Bd3 b6 5. 0-0 Bb7 6. c4 Be7 7. Nc3 d6 8. d5 e5 9. b3 0-0 10. Nd2 Ne8 1/2-1/2

[Event "Izmailov Memorial op 12th"]
[Site "Tomsk"]
[Date "2008.06.27"]
[Round "3"]
[White "Korobkin, Maxim"]
[Black "Egorov, Zakhar"]
[Result "1/2-1/2"]
[WhiteElo "2357"]
[BlackElo "2137"]
[PlyCount "92"]
[EventDate "2008.06.25"]
[EventType "swiss"]
[EventRounds "9"]
[EventCountry "RUS"]
[SourceTitle "CBM 125 Extra"]
[Source "ChessBase"]
[SourceDate "2008.09.01"]
[SourceVersion "1"]
[SourceVersionDate "2008.09.01"]
[SourceQuality "1"]

1. Nf3 c5 2. c4 Nf6 3. g3 g6 4. Bg2 Bg7 5. Nc3 Nc6 6. a3 0-0 7. Rb1 d5 8. cxd5 Nxd5 9. Ne4 b6 10. d3 Bb7 11. Bd2 Qd7 12. 0-0 f5 13. Nc3 Nd4 14. Nxd4 Nxc3 15. bxc3 Bxg2 16. Kxg2 cxd4 17. c4 e5 18. Qb3 Qe6 19. a4 e4 20. a5 bxa5 21. Qa3 Qc6 22. Kg1 a4 23. Rb4 Rfb8 24. Rxa4 Rb7 25. Ra6 Qc7 26. Rc1 Be5 27. Ba5 Qe7 28. c5 Rc8 29. Qa2+ Qf7 30. Qa1 Qd5 31. c6 Rf7 32. Bb4 f4 33. Ra5 Qe6 34. dxe4 fxg3 35. hxg3 Bxg3 36. fxg3 Qxe4 37. Bd2 Rcf8 38. Qa2 Kh8 39. Qd5 Qxe2 40. Qxd4+ Kg8 41. Qd5 Qf2+ 42. Kh1 Qxg3 43. c7 Qh3+ 44. Kg1 Qg4+ 45. Kh1 Qh3+ 46. Kg1 Qg4+ 1/2-1/2

[Event "Izmailov Memorial op 12th"]
[Site "Tomsk"]
[Date "2008.06.25"]
[Round "1"]
[White "Bocharov, Dmitry"]
[Black "Korobkin, Maxim"]
[Result "1-0"]
[WhiteElo "2569"]
[BlackElo "2357"]
[PlyCount "53"]
[EventDate "2008.06.25"]
[EventType "swiss"]
[EventRounds "9"]
[EventCountry "RUS"]
[SourceTitle "CBM 125 Extra"]
[Source "ChessBase"]
[SourceDate "2008.09.01"]
[SourceVersion "1"]
[SourceVersionDate "2008.09.01"]
[SourceQuality "1"]

1. d4 Nf6 2. c4 e6 3. Nc3 c5 4. d5 exd5 5. cxd5 Bd6 6. Nf3 Bc7 7. Bg5 d6 8. e3 a6 9. a4 Nbd7 10. Be2 h6 11. Bh4 0-0 12. 0-0 Re8 13. Nd2 Nf8 14. Nc4 Ng6 15. Bg3 Ne4 16. Nxe4 Rxe4 17. Bd3 Re8 18. e4 Qf6 19. f4 Bg4 20. Qd2 b5 21. axb5 axb5 22. Rxa8 Rxa8 23. e5 dxe5 24. fxe5 Qa6 25. Ne3 Bd7 26. e6 Bxg3 27. hxg3 1-0

[Event "Novosibirsk April op"]
[Site "Novosibirsk"]
[Date "2008.04.08"]
[Round "4"]
[White "Chuguev, Anton"]
[Black "Korobkin, Maxim"]
[Result "0-1"]
[WhiteElo "2153"]
[BlackElo "2357"]
[PlyCount "108"]
[EventDate "2008.04.05"]
[EventType "swiss"]
[EventRounds "9"]
[EventCountry "RUS"]
[SourceTitle "EXT 2010"]
[Source "ChessBase"]
[SourceDate "2010.11.25"]
[SourceVersion "1"]
[SourceVersionDate "2010.11.25"]
[SourceQuality "1"]

1. d4 Nf6 2. c4 e6 3. Nc3 Bb4 4. a3 Bxc3+ 5. bxc3 d6 6. e3 c5 7. Bd3 Nc6 8. Ne2 e5 9. dxc5 dxc5 10. Ng3 Be6 11. e4 Qa5 12. Bd2 0-0-0 13. Qe2 Rd7 14. Nf1 Rhd8 15. Bc2 Rxd2 16. Nxd2 Qxc3 17. 0-0-0 Nd4 18. Qd3 Nb3+ 19. Nxb3 Rxd3 20. Rxd3 Qxc4 21. f3 Qb5 22. Rc3 b6 23. Rd1 Nd7 24. Bd3 Qa4 25. Kb2 Kd8 26. Bc2 Qc6 27. f4 Ke7 28. f5 Bxb3 29. Rxb3 c4 30. Rb4 b5 31. Rd5 a6 32. a4 Nb6 33. axb5 Nxd5 34. bxc6 Nxb4 35. Ba4 Kd6 36. Kc3 Nd3 37. g3 f6 38. Bc2 Kxc6 39. Kxc4 Nc5 40. Kb4 Nb7 41. Ba4+ Kd6 42. Bb3 a5+ 43. Kb5 Nc5 44. Bd5 a4 45. Kb4 Nd3+ 46. Kxa4 Kc5 47. Kb3 Kd4 48. Bg8 h6 49. Kc2 Nf2 50. Kd2 Nxe4+ 51. Ke2 Nd6 52. g4 Ke4 53. Kf2 Kf4 54. h3 h5 0-1

[Event "Novosibirsk Region op"]
[Site "Novosibirsk"]
[Date "2007.12.09"]
[Round "5"]
[White "Popov, Roman"]
[Black "Korobkin, Maxim"]
[Result "1/2-1/2"]
[WhiteElo "2358"]
[BlackElo "2349"]
[PlyCount "153"]
[EventDate "2007.12.05"]
[EventType "swiss"]
[EventRounds "9"]
[EventCountry "RUS"]
[SourceTitle "CBM 122 Extra"]
[Source "ChessBase"]
[SourceDate "2008.03.04"]
[SourceVersion "1"]
[SourceVersionDate "2008.03.04"]
[SourceQuality "1"]

1. d4 d6 2. c4 e5 3. Nf3 exd4 4. Nxd4 Be7 5. Nc3 Nf6 6. e4 0-0 7. Be2 Re8 8. 0-0 Bf8 9. f3 c6 10. Kh1 h6 11. Nc2 a6 12. Be3 Nbd7 13. Qd2 Qc7 14. Rac1 Ne5 15. Nd4 Bd7 16. Bg1 Rad8 17. f4 Ng6 18. Bd3 Qb8 19. Rce1 b5 20. b3 b4 21. Nd1 c5 22. Nf5 Bc6 23. Ng3 Qb7 24. Qc2 Re7 25. h3 Rde8 26. e5 Nh4 27. Ne3 dxe5 28. Ngf5 Nxf5 29. Nxf5 Re6 30. fxe5 Nd7 31. Be4 Rxe5 32. Bxc6 Qxc6 33. Rxe5 Rxe5 34. Qd3 Nf6 35. Qg3 Nd7 36. Be3 Qg6 37. Qf3 Nf6 38. Bc1 Ne4 39. g4 Qe6 40. Bf4 Ng5 41. Qd3 Re2 42. h4 Qe4+ 43. Qxe4 Nxe4 44. Kg1 Nc3 45. Rf3 Rxa2 46. Be5 Ra3 47. Rd3 g6 48. Nxh6+ Bxh6 49. Rd8+ Bf8 50. Bd6 Ra1+ 51. Kg2 Rd1 52. Rxf8+ Kg7 53. Rd8 Kf6 54. Bc7 Rxd8 55. Bxd8+ Ke6 56. h5 gxh5 57. gxh5 Kf5 58. Kf3 Na2 59. Be7 Nc1 60. Bxc5 a5 61. Bf8 Nxb3 62. Ke3 Kg5 63. h6 Kg6 64. c5 Nxc5 65. Bxc5 Kxh6 66. Kf4 Kg6 67. Be7 b3 68. Ba3 Kf6 69. Bb2+ Ke6 70. Ke4 f5+ 71. Kd4 a4 72. Ba3 Kf6 73. Bc1 Kg6 74. Ke5 a3 75. Bxa3 Kg5 76. Kd4 f4 77. Kc3 1/2-1/2

[Event "Novosibirsk Sibiria op-C"]
[Site "Novosibirsk"]
[Date "2007.07.28"]
[Round "8"]
[White "Bocharov, Ivan"]
[Black "Korobkin, Maxim"]
[Result "1/2-1/2"]
[WhiteElo "2399"]
[BlackElo "2349"]
[PlyCount "61"]
[EventDate "2007.07.21"]
[EventType "swiss"]
[EventRounds "9"]
[EventCountry "RUS"]
[SourceTitle "EXT 2008"]
[Source "ChessBase"]
[SourceDate "2007.11.25"]
[SourceVersion "1"]
[SourceVersionDate "2007.11.25"]
[SourceQuality "1"]

1. f4 d5 2. Nf3 Nf6 3. g3 g6 4. Bg2 Bg7 5. 0-0 0-0 6. d3 Nc6 7. Nc3 d4 8. Ne4 Nd5 9. Bd2 f5 10. Nc5 Qd6 11. Nb3 a5 12. a4 Re8 13. Qc1 Kh8 14. c3 dxc3 15. bxc3 e5 16. e4 Nf6 17. d4 Nxe4 18. Nxe5 Re7 19. Re1 Be6 20. Bxe4 Bxb3 21. Bxc6 bxc6 22. Qa3 Bxe5 23. fxe5 Qxa3 24. Rxa3 Bc4 25. Rb1 Ree8 26. Rb7 Rec8 27. Ra1 Kg8 28. Rab1 Kf7 29. Kf2 Ke6 30. h4 Ba6 31. R7b3 1/2-1/2